000 00232nam a2200097Ia 4500
008 230508s2004 xx 000 0 und d
041 _aeng
100 _aSEN.P.C.
245 _aPOWER ELECTRONICS
260 _bTATA MCGRAW HILL PUB
_c2004
999 _c334987
_d334987